000 00412nam a2200181Ia 4500
001 23228
005 20260414150923.0
008 260414t2016||||xx |||||||||||||| ||spa||
041 _aESP
082 _a627
_bV22
100 _aVallarino, Eugenio
_eAUT
245 0 _aObras hidráulicas
_b
260 _c2016
300 _a264 páginas :
_c24 cm.
650 _a0
654 _aCIC
942 _cLIB
_dJUS
_fJUS
_2ddc
_n
999 _c23228
_d23228